[Event "SVK-chT1E 0203"]
[Site "Slovakia"]
[Date "2002.??.??"]
[Round "?"]
[White "Cierny, Lubomir"]
[Black "Kopnicky, Vladimir"]
[Result "1/2-1/2"]
[WhiteElo "2099"]
[BlackElo "2167"]
[PlyCount "97"]
[EventDate "2002.10.??"]
[EventType "team"]
[EventRounds "11"]
[EventCountry "SVK"]
[SourceTitle "EXT 2005"]
[Source "ChessBase"]
[SourceDate "2004.11.15"]
[SourceVersion "1"]
[SourceVersionDate "2004.11.15"]
[SourceQuality "1"]

1. e4 c6 2. d4 Na6 3. Nf3 d5 4. exd5 cxd5 5. Bb5+ Bd7 6. Bxd7+ Qxd7 7. 0-0 Nf6 8. Ne5 Qc8 9. c3 Nd7 10. f4 Nxe5 11. fxe5 Nc7 12. Qf3 Qe6 13. Nd2 g6 14. Qf2 Bg7 15. Nf3 h6 16. Be3 0-0 17. Qd2 Kh7 18. Rae1 Rac8 19. h3 Qa6 20. a3 Qb5 21. Nh2 Ne6 22. Rf2 Qe8 23. Ref1 Rc6 24. Ng4 h5 25. Nh2 f5 26. Qe2 a6 27. Bc1 Rc8 28. h4 b5 29. Nf3 Kg8 30. Ng5 Qd7 31. Nxe6 Qxe6 32. Bg5 Rc4 33. Rf3 Rfc8 34. Rg3 a5 35. Rff3 b4 36. axb4 axb4 37. Qd1 bxc3 38. Rxc3 Kf7 39. Rxc4 dxc4 40. Qc2 Rd8 41. Be3 Qa6 42. Kh2 e6 43. Qf2 Qb7 44. Qf4 Qe7 45. Rh3 Qb7 46. Rg3 Rh8 47. Qg5 Rh6 48. Qd8 Rh8 49. Qg5 1/2-1/2